000
00271nam a2200121Ia 4500
008
190216s9999||||xx |||||||||||||| ||und||
100
_a
Barnett Rich
245
0
_a
Elementary Algebra
250
_a
FIRST
260
_b
Schaum Pub: Co:
_c
1960
300
_a
295
942
_c
BK
999
_c
30452
_d
30452